[Event "Titled Tue 10th Jun Late"]
[Site "chess.com INT"]
[Date "2025.06.10"]
[Round "1"]
[White "Baltabaev, Temirlan"]
[Black "De Sousa, Antonio Micaias Silva"]
[Result "1-0"]
[WhiteTitle "FM"]
[WhiteElo "2295"]
[BlackElo "2007"]
[WhiteFideId "4112172"]
[BlackFideId "22798528"]
[EventDate "2025.06.10"]

1. d4 d5 2. Nf3 Nf6 3. g3 e6 4. Bg2 Be7 5. c4 O-O 6. O-O dxc4 7. Ne5 Nc6 8. Nxc6
bxc6 9. e3 Rb8 10. Qc2 c5 11. Rd1 Bb7 12. dxc5 Qc8 13. c6 Ba6 14. Na3 Bxa3 15.
bxa3 e5 16. Bb2 Qe6 17. Rac1 Rb6 18. Bc3 Rfb8 19. Ba5 Rxc6 20. Bxc6 Qxc6 21. Qe2
Bb7 22. f3 Qxf3 23. Qxf3 Bxf3 24. Rf1 Be2 25. Rf2 Bd3 26. Bxc7 Re8 27. Rb2 Nd5
28. Bd6 Nxe3 29. Rb8 Rxb8 30. Bxb8 Nd5 31. Bxa7 c3 32. Bc5 c2 33. Kf2 e4 34. Bd4
f5 35. Ke1 g5 36. Kd2 f4 37. gxf4 gxf4 38. a4 Nb4 39. Ra1 e3+ 40. Bxe3 fxe3+ 41.
Kxe3 Nxa2 42. Kxd3 c1=Q 43. Rxc1 Nxc1+ 44. Kc4 Kf7 45. a5 1-0

[Event "Titled Tue 10th Jun Late"]
[Site "chess.com INT"]
[Date "2025.06.10"]
[Round "1"]
[White "Sabatier, Mathis"]
[Black "Askarov, Bakhtiyar"]
[Result "0-1"]
[WhiteTitle "CM"]
[BlackTitle "IM"]
[WhiteElo "2235"]
[BlackElo "2297"]
[WhiteFideId "26029685"]
[BlackFideId "13701100"]
[EventDate "2025.06.10"]

1. d4 Nf6 2. Nf3 g6 3. Nbd2 d5 4. e3 Bg7 5. b4 O-O 6. c4 c6 7. a4 a5 8. b5 cxb5
9. axb5 dxc4 10. Bxc4 Nbd7 11. O-O Nb6 12. Be2 Nfd5 13. Bb2 Nb4 14. Nb3 N6d5 15.
Ne5 Bf5 16. Bf3 Bc2 17. Qd2 Bxb3 18. e4 Nb6 19. Rxa5 Bxe5 20. Rxa8 Qxa8 21. Qxb4
Bc4 22. dxe5 Bxf1 23. Kxf1 Qa4 24. Qc3 Rc8 25. Qd3 Qc4 26. Qxc4 Nxc4 27. Bd4
Nd2+ 28. Ke2 Nxf3 29. Kxf3 Rc4 30. Ke3 Rb4 31. b6 Kf8 32. f4 Rb3+ 33. Ke2 e6 34.
g3 Ke8 35. g4 Rh3 36. Bg1 Kd7 37. f5 Kc6 38. fxe6 fxe6 39. Kd2 Rf3 40. Ke2 Rf4
41. Ke3 Rxg4 42. Bf2 Rg2 43. h4 Rxf2 44. Kxf2 Kxb6 45. Kg3 h6 46. Kg4 Kc5 47. h5
g5 48. Kf3 b5 0-1

[Event "Titled Tue 10th Jun Late"]
[Site "chess.com INT"]
[Date "2025.06.10"]
[Round "1"]
[White "Cigan, Jason"]
[Black "Odegov, Artem"]
[Result "0-1"]
[BlackTitle "FM"]
[WhiteElo "2123"]
[BlackElo "2244"]
[WhiteFideId "2064022"]
[BlackFideId "34183644"]
[EventDate "2025.06.10"]

1. e4 Nf6 2. e5 Nd5 3. c4 Nb6 4. d4 d6 5. f4 dxe5 6. fxe5 Nc6 7. Be3 Bf5 8. Nc3
e6 9. Nf3 Bg4 10. Be2 Bxf3 11. gxf3 Qh4+ 12. Bf2 Qf4 13. c5 Nd5 14. Nxd5 exd5
15. Qb3 O-O-O 16. Qe3 Qf5 17. Bd3 Qh5 18. f4 g6 19. O-O Bh6 20. Qg3 Kb8 21. a3
f6 22. e6 Rhe8 23. Rfe1 Ne7 24. b4 Nf5 25. Bxf5 Qxf5 26. b5 Bxf4 27. Qf3 Bxh2+
28. Kg2 Bf4 29. b6 axb6 30. cxb6 cxb6 31. Reb1 Rxe6 32. a4 Bc7 33. Qxf5 gxf5 34.
Rh1 Rg8+ 35. Kf3 Re7 36. Rae1 Re4 37. Rxh7 Rf4+ 38. Ke2 Rg2 39. Rf1 Bd6 40. Ke3
Rgg4 41. a5 bxa5 42. Rb1 Re4+ 43. Kd3 Bb4 44. Rf7 Ref4 45. Be3 Rf3 46. Ke2 Rh3
47. Rxf6 Re4 48. Rb3 f4 0-1

[Event "Titled Tue 10th Jun Late"]
[Site "chess.com INT"]
[Date "2025.06.10"]
[Round "1"]
[White "Harshal, Shahi"]
[Black "Lyakh, Vasiliy"]
[Result "0-1"]
[WhiteTitle "FM"]
[WhiteElo "2143"]
[BlackElo "2123"]
[WhiteFideId "5048257"]
[BlackFideId "14189828"]
[EventDate "2025.06.10"]

1. e4 c5 2. Nf3 e6 3. b3 Nc6 4. Bb2 d5 5. exd5 exd5 6. Bb5 Nf6 7. Qe2+ Be7 8.
Ne5 Qc7 9. O-O O-O 10. h3 a6 11. Nxc6 bxc6 12. Bd3 Be6 13. Nc3 a5 14. f4 Bd6 15.
f5 Bd7 16. Qf3 Rfe8 17. Na4 c4 18. bxc4 c5 19. Nc3 d4 20. Ne4 Be5 21. Nxf6+ Bxf6
22. Be4 Rab8 23. Rab1 Rb4 24. c3 Rb6 25. Ba1 Rxb1 26. Rxb1 Qe5 27. d3 dxc3 28.
Rc1 Qb8 29. Bxc3 Bxc3 30. Rxc3 Qb2 31. Rb3 Qxa2 32. Rb7 Qa1+ 33. Kh2 Qd4 34. Bd5
Qe5+ 35. Qg3 Qxf5 36. Bxf7+ Qxf7 37. Qd6 Rd8 38. Qc7 Qe7 0-1

[Event "Titled Tue 10th Jun Late"]
[Site "chess.com INT"]
[Date "2025.06.10"]
[Round "1"]
[White "Brezis, Ari"]
[Black "Rustamov, Rustam"]
[Result "0-1"]
[WhiteTitle "CM"]
[BlackTitle "FM"]
[WhiteElo "2179"]
[BlackElo "2334"]
[WhiteFideId "2858541"]
[BlackFideId "13440110"]
[EventDate "2025.06.10"]

1. d4 Nf6 2. Bg5 d5 3. e3 e6 4. Bd3 c5 5. c3 Nc6 6. Nd2 Qb6 7. Qc2 Bd7 8. Ngf3
Rc8 9. Qb1 h6 10. Bh4 Be7 11. O-O O-O 12. Ne5 Qc7 13. Bg3 Bd6 14. f4 Nh5 15. Qd1
Nxg3 16. hxg3 f5 17. g4 cxd4 18. cxd4 Bxe5 19. fxe5 f4 20. Qe2 Qb6 21. Nb3 fxe3
22. Qxe3 Qd8 23. Rxf8+ Qxf8 24. Rf1 Qe7 25. Bb1 Rf8 26. Rf3 Rxf3 27. gxf3 Be8
28. Nc5 b6 29. Nd3 Bf7 30. Nf4 Qb4 31. Ne2 Qe1+ 32. Kg2 Qxb1 33. Qc3 Ne7 34. Nf4
g5 35. Nd3 Ng6 36. Nc1 Nf4+ 37. Kh2 h5 38. a4 hxg4 39. fxg4 Qe4 40. Qd2 Qf3 41.
Kg1 Qxg4+ 42. Kf1 Bg6 43. Ke1 Qf3 44. Ne2 Qxe2+ 45. Qxe2 Nxe2 46. Kxe2 a5 47.
Kf3 Bf5 0-1

[Event "Titled Tue 10th Jun Late"]
[Site "chess.com INT"]
[Date "2025.06.10"]
[Round "1"]
[White "Shi, Roger V"]
[Black "Saydaliev, Saidakbar"]
[Result "0-1"]
[BlackTitle "IM"]
[WhiteElo "2137"]
[BlackElo "2450"]
[WhiteFideId "30980119"]
[BlackFideId "14203693"]
[EventDate "2025.06.10"]

1. e4 e6 2. d4 d5 3. e5 c5 4. c3 Nc6 5. Nf3 Bd7 6. Be2 Nge7 7. Na3 Nf5 8. Nc2
Be7 9. O-O O-O 10. Bd3 cxd4 11. cxd4 Qb6 12. g4 Nh6 13. h3 Rac8 14. Rb1 Kh8 15.
Ng5 Bxg5 16. Bxg5 Ng8 17. Be3 f6 18. f4 Nge7 19. Qe2 a5 20. f5 exf5 21. gxf5
fxe5 22. dxe5 d4 23. Bg5 Bxf5 24. Rbd1 Bxd3 25. Qxd3 Nxe5 26. Qe4 d3+ 27. Ne3
N7g6 28. Kh1 h6 29. Bf4 Nxf4 30. Rxf4 Rxf4 31. Qxf4 Qc6+ 32. Ng2 Ng6 33. Qd4 Rf8
34. Rxd3 Kh7 35. Kh2 Qc7+ 36. Rg3 Rf3 37. Qg4 Rxg3 38. Qxg3 Qc6 39. h4 Qd5 40.
Ne3 Qh5 41. Ng2 Qe2 42. Qb3 Ne5 43. Kh1 Nf3 44. Qb6 Qf1+ 0-1

[Event "Titled Tue 10th Jun Late"]
[Site "chess.com INT"]
[Date "2025.06.10"]
[Round "1"]
[White "George, Kevin"]
[Black "Gattani, Sarthak"]
[Result "1/2-1/2"]
[WhiteTitle "IM"]
[WhiteElo "2327"]
[BlackElo "1944"]
[WhiteFideId "10669515"]
[BlackFideId "30995965"]
[EventDate "2025.06.10"]

1. e4 e5 2. Nf3 Nc6 3. Bb5 a6 4. Ba4 Nf6 5. O-O Be7 6. Re1 b5 7. Bb3 O-O 8. c3
d6 9. h3 Nb8 10. d4 Nbd7 11. c4 bxc4 12. Bxc4 Bb7 13. Nc3 exd4 14. Nxd4 Re8 15.
Bxf7+ Kxf7 16. Qb3+ d5 17. Qxb7 Nc5 18. Qc6 Ncxe4 19. Nxe4 dxe4 20. Be3 Bd6 21.
Qc4+ Kg6 22. Rad1 Qe7 23. Nc6 Qe6 24. Qc2 h6 25. Bd4 Kh7 26. Bxf6 gxf6 27. Rd4
f5 28. g4 Rg8 29. Kf1 Rae8 30. f3 Qf6 31. fxe4 fxe4+ 32. Kg1 Ref8 33. Rdxe4 Kh8
34. Re6 Qf4 35. Qg2 Bc5+ 36. Kh1 Rf6 37. Rxf6 Qxf6 38. Ne5 Re8 39. Qe4 Bd6 40.
Nf7+ Kg7 41. Qxe8 Qf3+ 42. Kg1 Bc5+ 43. Kh2 Qf2+ 44. Kh1 Qf3+ 45. Kh2 Qf2+ 46.
Kh1 Qf3+ 47. Kh2 1/2-1/2

[Event "Titled Tue 10th Jun Late"]
[Site "chess.com INT"]
[Date "2025.06.10"]
[Round "1"]
[White "Klepek, Witold"]
[Black "Henriquez Villagra, Cristobal"]
[Result "0-1"]
[WhiteTitle "CM"]
[BlackTitle "GM"]
[WhiteElo "2253"]
[BlackElo "2597"]
[WhiteFideId "1175068"]
[BlackFideId "3409350"]
[EventDate "2025.06.10"]

1. c4 d6 2. Nf3 e5 3. g3 f5 4. Bg2 Nf6 5. d4 e4 6. Ng5 h6 7. Nh3 g5 8. Nc3 d5 9.
cxd5 Nxd5 10. e3 Nf6 11. O-O Be6 12. f3 exf3 13. Bxf3 c6 14. e4 fxe4 15. Nxe4
Bg7 16. Nxf6+ Bxf6 17. Bh5+ Ke7 18. Rxf6 Kxf6 19. Qd3 Bf5 20. Bxg5+ hxg5 21. Rf1
Kg7 22. Qxf5 Qxd4+ 23. Rf2 Qxf2+ 24. Kxf2 Rf8 25. Qxf8+ Kxf8 26. Nxg5 Nd7 27.
Be2 Ke7 28. h4 Rg8 29. Nf3 Nf6 30. Nd4 Ne4+ 31. Kf3 Nxg3 32. Bc4 Rg7 33. Ne6 Rg6
34. Nf4 Rg7 35. Ne6 Nf5 36. Nxg7 Nxg7 37. Ke4 Kf6 38. a4 Nf5 39. h5 Ng3+ 40. Kd4
Nxh5 41. a5 Ke7 42. Kc5 Kd7 43. b4 Kc7 44. b5 b6+ 45. Kb4 c5+ 46. Ka4 Kd6 47.
axb6 axb6 48. Kb3 Ke5 49. Kc3 Ke4 50. Bd3+ Ke3 51. Bg6 Nf4 52. Bf7 Nd3 53. Kc4
Ne5+ 54. Kd5 Nxf7 55. Kc6 c4 56. Kxb6 c3 57. Ka7 c2 58. b6 Nd6 0-1

[Event "Titled Tue 10th Jun Late"]
[Site "chess.com INT"]
[Date "2025.06.10"]
[Round "1"]
[White "Anhwere, Bernard"]
[Black "Manzone, Alessandro"]
[Result "0-1"]
[WhiteTitle "CM"]
[BlackTitle "FM"]
[WhiteElo "1906"]
[BlackElo "2397"]
[WhiteFideId "12600580"]
[BlackFideId "112488"]
[EventDate "2025.06.10"]

1. d4 Nf6 2. c4 e6 3. Nf3 Bb4+ 4. Nbd2 d5 5. g3 O-O 6. Bg2 dxc4 7. O-O b5 8. Ne5
c6 9. Nxc6 Nxc6 10. Bxc6 Rb8 11. e3 Bb7 12. Bxb7 Rxb7 13. a4 Bxd2 14. Bxd2 b4
15. Qe2 Qd5 16. Rfc1 Rc8 17. Rc2 Ne4 18. Rac1 Ng5 19. e4 Nxe4 20. Rxc4 Rd8 21.
Be3 b3 22. f3 Nf6 23. Rc8 Rd7 24. Rxd8+ Rxd8 25. Kf2 h6 26. Rc3 Rb8 27. Rc5 Qd7
28. Rb5 Rc8 29. Rxb3 Qxa4 30. Rc3 Rb8 31. Qc2 Qd7 32. Rc7 Rxb2 33. Rc8+ Qxc8 34.
Qxb2 Nd5 35. Qa2 Qc7 36. Qa3 a5 37. Qc5 Qd8 38. Qa7 Qc7 39. Bd2 Qxa7 0-1

[Event "Titled Tue 10th Jun Late"]
[Site "chess.com INT"]
[Date "2025.06.10"]
[Round "1"]
[White "Kahre, Kim"]
[Black "Mullodzhanov, Nathaniel"]
[Result "0-1"]
[WhiteElo "2119"]
[BlackElo "1927"]
[WhiteFideId "518816"]
[BlackFideId "30961580"]
[EventDate "2025.06.10"]

1. d4 Nf6 2. c4 g6 3. Nc3 Bg7 4. h4 d6 5. e4 O-O 6. Be2 e5 7. d5 h5 8. Nf3 Nbd7
9. Ng5 Nc5 10. b4 Ncd7 11. g4 Nxg4 12. Bxg4 hxg4 13. Qxg4 Nf6 14. Qe2 Nh5 15.
Qf3 a5 16. b5 f5 17. Qg2 fxe4 18. Ncxe4 Bf5 19. Ne6 Bxe6 20. dxe6 Qe8 21. Ng5 c6
22. Be3 cxb5 23. Qd5 Qe7 24. cxb5 Rac8 25. Rd1 Rcd8 26. Rg1 Nf4 27. Bxf4 Rxf4
28. Rc1 Rdf8 29. Ne4 Kh7 30. h5 gxh5 31. Rc3 Qh4 32. Ng5+ Kg8 33. e7+ Kh8 34.
exf8=Q+ Rxf8 35. Qg2 Qb4 36. Kd2 Qb2+ 37. Rc2 Qb4+ 38. Ke2 Qxb5+ 39. Kd1 Qb1+
40. Kd2 Qb4+ 41. Kc1 Qa3+ 42. Kb1 Rf4 43. Ne4 Qb4+ 44. Ka1 Qd4+ 45. Rb2 Rg4 0-1

[Event "Titled Tue 10th Jun Late"]
[Site "chess.com INT"]
[Date "2025.06.10"]
[Round "1"]
[White "Jarmula, Lukasz"]
[Black "Duarte Cramer, Lily Jeanette"]
[Result "1-0"]
[WhiteTitle "GM"]
[BlackTitle "WCM"]
[WhiteElo "2440"]
[BlackElo "1828"]
[WhiteFideId "1160664"]
[BlackFideId "29620180"]
[EventDate "2025.06.10"]

1. Nf3 d5 2. g3 c5 3. Bg2 Bf5 4. O-O Nc6 5. d3 e5 6. Nc3 d4 7. e4 Bg6 8. Nd5 Nf6
9. Bg5 Be7 10. Bxf6 Bxf6 11. Nd2 Nb4 12. Nxb4 cxb4 13. f4 h6 14. Nc4 Qe7 15. a3
bxa3 16. Rxa3 a6 17. Nb6 Rd8 18. Nd5 Qd6 19. Qa1 O-O 20. Rb3 Rd7 21. Rb6 Qb8 22.
Rxf6 Rxd5 23. Rxg6 fxg6 24. exd5 exf4 25. Qe1 fxg3 26. Qxg3 Rxf1+ 27. Bxf1 Qe8
28. d6 Kf7 29. Qf4+ Kg8 30. Qe4 Qd7 31. Qd5+ Kf8 32. h3 g5 33. Bg2 g4 34. hxg4
g6 35. Qxd4 h5 36. Qh8+ Kf7 37. Bd5+ Qe6 38. Qe5 Qxd5 39. Qxd5+ Ke8 40. g5 Kd7
41. c4 Kd8 42. c5 h4 43. d4 h3 44. Kh2 a5 45. Qa2 a4 46. Qxa4 b6 47. c6 b5 48.
Qd1 b4 49. Qh5 b3 50. d5 Kc8 51. Kh1 h2 52. Qxg6 Kb8 53. Qd3 Ka7 54. g6 Kb6 55.
g7 Kc5 56. d7 Kb6 57. d8=Q+ Kc5 58. g8=Q Kb4 59. c7 Ka4 60. c8=Q Kb4 61. d6 Ka4
62. d7 Kb4 63. Qdf8+ Ka4 64. Qa3# 1-0

[Event "Titled Tue 10th Jun Late"]
[Site "chess.com INT"]
[Date "2025.06.10"]
[Round "1"]
[White "Sivakumar, Shaaketh"]
[Black "Unver, Cumayi"]
[Result "1-0"]
[WhiteTitle "FM"]
[WhiteElo "2279"]
[BlackElo "2012"]
[WhiteFideId "30940176"]
[BlackFideId "6304940"]
[EventDate "2025.06.10"]

1. d4 d5 2. Nf3 Bf5 3. Bf4 c6 4. e3 Nd7 5. c4 e6 6. Nc3 Ngf6 7. Qb3 Qb6 8. c5
Qxb3 9. axb3 a6 10. b4 Rc8 11. h3 h6 12. Be2 Ne4 13. Nd2 Nxd2 14. Kxd2 g5 15.
Bh2 Bg7 16. g4 Bg6 17. Bd3 Bxd3 18. Kxd3 e5 19. f4 gxf4 20. exf4 e4+ 21. Ke3 f5
22. gxf5 O-O 23. Rhg1 Kh7 24. Rg6 Rxf5 25. Rd6 Rf7 26. Rg1 Nf6 27. f5 Nh5 28.
Be5 Rcf8 29. Rdg6 Bxe5 30. dxe5 Rxf5 31. e6 Re8 32. Ne2 Rf6 33. Rxf6 Nxf6 34.
Nf4 Ng8 35. Kd4 Ne7 36. Ke5 Rf8 37. Kd6 Nf5+ 38. Kd7 e3 39. e7 Nxe7 40. Ne6 Rf7
41. Ke8 Rf6 42. Kxe7 Rf2 43. Nf8+ Kh8 44. Ng6+ Kh7 45. Ne5 e2 46. Re1 d4 47. Ke6 1-0

[Event "Titled Tue 10th Jun Late"]
[Site "chess.com INT"]
[Date "2025.06.10"]
[Round "1"]
[White "Thiel, Thomas"]
[Black "Stankovic, Boris"]
[Result "0-1"]
[WhiteTitle "FM"]
[BlackTitle "FM"]
[WhiteElo "2170"]
[BlackElo "2298"]
[WhiteFideId "4615964"]
[BlackFideId "985317"]
[EventDate "2025.06.10"]

1. e4 c5 2. Nc3 Nc6 3. Bb5 e5 4. f4 exf4 5. d3 Qh4+ 6. Kf1 Nf6 7. Nf3 Qg4 8. h3
Qg6 9. Bxf4 Nh5 10. Bh2 Ng3+ 11. Bxg3 Qxg3 12. Qe1 Qxe1+ 13. Rxe1 a6 14. Bc4 b5
15. Bb3 Be7 16. Ke2 Bb7 17. Rhf1 f6 18. Nd5 O-O-O 19. c4 b4 20. Ba4 Rhe8 21. Kd1
Bd6 22. g4 Ne5 23. Nxe5 Bxe5 24. Kc2 Bc6 25. Bxc6 dxc6 26. Nb6+ Kb7 27. Na4 Bd4
28. Rf5 g6 29. Rf3 Rf8 30. Ref1 Rde8 31. b3 Re6 32. Nb2 Bxb2 33. Kxb2 Kc7 34.
Kc2 Kd6 35. g5 Ke7 36. gxf6+ Rexf6 37. Rxf6 Rxf6 38. Rxf6 Kxf6 39. Kd2 Ke5 40.
Ke3 g5 41. Kf3 h5 42. Kg3 Kd4 43. h4 g4 44. Kf4 a5 45. e5 g3 46. Kxg3 Kxe5 47.
Kf3 Kf5 48. Ke3 Kg4 0-1

[Event "Titled Tue 10th Jun Late"]
[Site "chess.com INT"]
[Date "2025.06.10"]
[Round "1"]
[White "Weisz, Bryan"]
[Black "Popov, Tikhon"]
[Result "1-0"]
[BlackTitle "CM"]
[WhiteElo "2059"]
[BlackElo "2173"]
[WhiteFideId "30934133"]
[BlackFideId "24252026"]
[EventDate "2025.06.10"]

1. e4 c5 2. Nf3 e6 3. d4 cxd4 4. Nxd4 Nf6 5. Nc3 Nc6 6. Ndb5 Bc5 7. Be3 Bxe3 8.
Nd6+ Ke7 9. fxe3 Qb6 10. Nc4 Qc5 11. a3 Ne5 12. b4 Qc7 13. Nb5 Qb8 14. Qd4 Nxc4
15. Bxc4 a6 16. e5 axb5 17. exf6+ gxf6 18. Bxb5 Qc7 19. O-O Qe5 20. Qb6 Rg8 21.
Rad1 Rxa3 22. Bd3 Rc3 23. Rf4 Rc6 24. Qa7 b6 25. Re4 Qg5 26. g3 f5 27. Rf4 Qg7
28. Bb5 Qc3 29. Bxc6 Qxc6 30. Qa3 b5 31. Qd3 Bb7 32. e4 fxe4 33. Qd4 f5 34. Rh4
h5 35. Rxh5 d5 36. Rh7+ Kd8 37. Qe5 Kc8 38. Re7 Re8 39. Rxe8+ Qxe8 40. h4 e3 41.
Qxe3 Qc6 42. Qc5 Qxc5+ 43. bxc5 Kd7 44. h5 Ke7 45. Ra1 Kf6 46. Ra7 Bc6 47. h6
Kg6 48. h7 1-0

[Event "Titled Tue 10th Jun Late"]
[Site "chess.com INT"]
[Date "2025.06.10"]
[Round "1"]
[White "Paravyan, David"]
[Black "Jasinski, Alexander"]
[Result "0-1"]
[WhiteTitle "GM"]
[WhiteElo "2589"]
[BlackElo "1989"]
[WhiteFideId "4194985"]
[BlackFideId "55627994"]
[EventDate "2025.06.10"]

1. d4 Nf6 2. c4 g6 3. f3 Bg7 4. e4 d6 5. Nc3 O-O 6. Be3 c5 7. Nge2 Nc6 8. d5 Ne5
9. Ng3 h5 10. Be2 h4 11. Nf1 a6 12. a4 e6 13. f4 Neg4 14. Bxg4 Nxg4 15. Qxg4
exd5 16. Qf3 d4 17. Nd5 dxe3 18. Nfxe3 Qa5+ 19. Ke2 Re8 20. f5 gxf5 21. Nxf5
Bxf5 22. Qxf5 Re5 23. Qg4 Qd8 24. Rhf1 Qg5 25. Rf4 Qxg4+ 26. Rxg4 f5 27. Rxh4
Rxe4+ 28. Rxe4 fxe4 29. Rf1 Bxb2 30. Rb1 Be5 31. Rxb7 Bxh2 32. Nf6+ Kf8 33. Rh7
Be5 34. Rh8+ Kf7 35. Rxa8 Bxf6 36. Rxa6 Ke6 37. a5 Ke5 38. Rxd6 Kxd6 39. Ke3 Kc6
40. Kxe4 Bc3 41. a6 Kb6 42. Kd5 Bd4 43. g4 Kxa6 44. g5 Ka5 45. g6 Kb4 46. Ke4
Kxc4 47. Kf5 Kd5 0-1

[Event "Titled Tue 10th Jun Late"]
[Site "chess.com INT"]
[Date "2025.06.10"]
[Round "1"]
[White "Makridis, Dimitrios"]
[Black "Ramadoss, Ashokkumar"]
[Result "1-0"]
[WhiteTitle "FM"]
[WhiteElo "2283"]
[BlackElo "2110"]
[WhiteFideId "25864475"]
[BlackFideId "5040990"]
[EventDate "2025.06.10"]

1. e4 e6 2. d4 d5 3. Nc3 Bb4 4. e5 c5 5. a3 Bxc3+ 6. bxc3 Ne7 7. Qg4 O-O 8. Nf3
Nbc6 9. Bd3 f5 10. Qg3 Qa5 11. Bd2 Qa4 12. Ra2 cxd4 13. h4 dxc3 14. Bxc3 Qg4 15.
O-O Qxg3 16. fxg3 Bd7 17. Rb1 Rab8 18. a4 b6 19. Kf2 Rfc8 20. Bd2 h6 21. a5 bxa5
22. Rba1 Ng6 23. Re1 Nb4 24. Bxb4 axb4 25. Rxa7 Bb5 26. Bxb5 Rxb5 27. Nd4 Rb6
28. h5 Nf8 29. Rd1 Rcb8 30. Rda1 Rc8 31. Re7 Rc4 32. Ra8 Rxd4 33. Ree8 Kf7 34.
Rxf8+ Ke7 35. Rg8 Kd7 36. Rxg7+ Kc6 37. Rg6 Kb5 38. Rc8 Rc4 39. Rgg8 Rbc6 40.
Rb8+ Kc5 41. Kg1 Rxc2 42. Kh2 Kc4 43. Rg6 b3 44. Rxh6 b2 45. Rh7 Ra6 46. h6 Ra1
47. Rc7+ Kd3 48. Rxc2 Kxc2 49. h7 1-0

[Event "Titled Tue 10th Jun Late"]
[Site "chess.com INT"]
[Date "2025.06.10"]
[Round "1"]
[White "Bukreev, Stanislav"]
[Black "Krzywda, Andrzej"]
[Result "1-0"]
[WhiteTitle "FM"]
[BlackTitle "CM"]
[WhiteElo "2305"]
[BlackElo "2175"]
[WhiteFideId "34252347"]
[BlackFideId "1114565"]
[EventDate "2025.06.10"]

1. d4 Nf6 2. c4 e6 3. Nf3 d5 4. Nc3 a6 5. cxd5 exd5 6. Bg5 Be6 7. e3 Nbd7 8. Bd3
c6 9. h3 Bd6 10. Bf4 Qc7 11. Bxd6 Qxd6 12. Qc2 O-O 13. O-O c5 14. dxc5 Nxc5 15.
Nd4 Rac8 16. Qe2 b5 17. Rac1 Nxd3 18. Qxd3 Rfd8 19. Nce2 Bd7 20. Rxc8 Rxc8 21.
Rc1 Rc4 22. b3 Rxc1+ 23. Nxc1 Qa3 24. Qc2 g6 25. Nd3 Kg7 26. Ne5 Qd6 27. Nd3 Ne4
28. b4 Qf6 29. Nf4 Qg5 30. a3 Qe5 31. Nd3 Qd6 32. Nf4 g5 33. Nd3 f6 34. Nc5 Nxc5
35. bxc5 Qc7 36. c6 Bc8 37. Qc5 h5 38. Qxd5 h4 39. Ne6+ Bxe6 40. Qxe6 Kg6 41.
Qd7 Qe5 42. c7 Qa1+ 43. Kh2 Qe5+ 44. f4 gxf4 45. Qg4+ Kf7 46. Qxf4 Qe8 47. Qxh4 1-0

[Event "Titled Tue 10th Jun Late"]
[Site "chess.com INT"]
[Date "2025.06.10"]
[Round "1"]
[White "Goldbeck, Lars"]
[Black "Dominguez Exposito, Ibon"]
[Result "0-1"]
[WhiteTitle "FM"]
[BlackTitle "CM"]
[WhiteElo "2391"]
[BlackElo "2201"]
[WhiteFideId "16208188"]
[BlackFideId "54589452"]
[EventDate "2025.06.10"]

1. e4 e6 2. d4 d5 3. Bd3 dxe4 4. Bxe4 Nf6 5. Bf3 c5 6. Ne2 Be7 7. Nbc3 O-O 8.
Be3 Qa5 9. O-O Rd8 10. Qe1 Nc6 11. Bxc6 bxc6 12. Nd5 Qxe1 13. Nxe7+ Kf8 14.
Raxe1 Kxe7 15. dxc5 a5 16. Nd4 Bb7 17. c3 Rac8 18. Bf4 Ba6 19. Nf5+ Kf8 20. Bd6+
Kg8 21. Ne7+ Kh8 22. Nxc8 Bxf1 23. Na7 Bb5 24. b3 Ra8 25. Nxb5 cxb5 26. Rd1 Nd5
27. c4 bxc4 28. bxc4 Nb4 29. a3 Nc6 30. Kf1 Kg8 31. Ke2 f6 32. Rb1 Rc8 33. Rb6
Kf7 34. Rb7+ Kg6 35. Kd3 f5 36. Rc7 Rxc7 37. Bxc7 a4 38. Bd6 Kf6 39. f4 h6 40.
h4 g5 41. g3 gxh4 42. gxh4 Kg6 43. Bf8 Kh5 44. Ke3 Kxh4 45. Bxh6 Kg3 46. Bg5 Kg2
47. Bf6 Kf1 48. Bc3 Kg1 49. Be5 Kg2 50. Bc3 Kf1 51. Bd2 Kg2 52. Bc3 Kg3 53. Be5
Kg4 54. Bc3 Kh4 55. Bf6+ Kh3 56. Bc3 Kg2 57. Be1 Kf1 58. Bc3 Kg2 59. Be5 Kh3 60.
Bf6 Kg4 61. Bc3 Kh5 62. Be5 Kg6 63. Bc3 Kf7 64. Be5 Ke7 65. Kd3 Kd7 66. Bd6 Kc8
67. Kc3 Kb7 68. Be5 Ka6 69. Bc7 Kb7 70. Bd6 Kc8 71. Kd3 Kd8 72. Bf8 Kd7 73. Bg7
Kc8 74. Be5 Nxe5+ 75. fxe5 Kb7 76. Ke3 Kc6 77. Kf4 Kxc5 78. Kg5 Kxc4 79. Kf6 Kd5
80. Kg5 Kxe5 0-1

[Event "Titled Tue 10th Jun Late"]
[Site "chess.com INT"]
[Date "2025.06.10"]
[Round "1"]
[White "Mafra, Kaiser Luiz"]
[Black "Kovacsy, Barnabas"]
[Result "1/2-1/2"]
[WhiteTitle "CM"]
[BlackTitle "FM"]
[WhiteElo "2076"]
[BlackElo "2251"]
[WhiteFideId "2106698"]
[BlackFideId "769290"]
[EventDate "2025.06.10"]

1. e4 c5 2. d4 cxd4 3. c3 d3 4. Bxd3 Nc6 5. Nf3 d6 6. Bc4 Nf6 7. e5 dxe5 8.
Qxd8+ Nxd8 9. Nxe5 e6 10. O-O a6 11. Rd1 Nd7 12. Bf4 Nxe5 13. Bxe5 Nc6 14. Bg3
Bc5 15. Nd2 b5 16. Bb3 Bb7 17. Ne4 Be7 18. Nd6+ Bxd6 19. Bxd6 O-O-O 20. a4 Rd7
21. axb5 axb5 22. Bc5 Rhd8 23. Rxd7 Rxd7 24. Rd1 Na5 25. Rxd7 Kxd7 26. Bc2 Bd5
27. f3 g6 28. Kf2 Kc6 29. Bb4 Nc4 30. b3 Ne5 31. Ke3 Nd7 32. Be4 f5 33. Bxd5+
Kxd5 34. Kd3 Ne5+ 35. Ke3 Nc6 36. Bf8 e5 37. Kd3 e4+ 38. fxe4+ fxe4+ 39. Ke3 Ne5
40. h3 Nd7 41. Be7 Ne5 42. Bf6 Nf7 43. c4+ bxc4 44. bxc4+ Kxc4 45. Kxe4 Kc5 46.
Kf4 Kd6 47. Bg7 Ke6 48. g4 g5+ 49. Kg3 Nd6 50. h4 Ne4+ 51. Kh3 Kf7 52. Bd4 Kg6
53. hxg5 Kxg5 54. Be3+ Kg6 55. Kg2 Kf6 56. Kf3 Ke6 57. Kxe4 Kf6 58. Kf4 Kg6 59.
g5 h6 60. gxh6 Kxh6 1/2-1/2

[Event "Titled Tue 10th Jun Late"]
[Site "chess.com INT"]
[Date "2025.06.10"]
[Round "1"]
[White "Drygalov, Sergey"]
[Black "Ozcan, Kaan"]
[Result "1-0"]
[WhiteTitle "GM"]
[BlackTitle "FM"]
[WhiteElo "2560"]
[BlackElo "2230"]
[WhiteFideId "24171743"]
[BlackFideId "34566422"]
[EventDate "2025.06.10"]

1. d4 Nf6 2. c4 e6 3. Nf3 d5 4. Nc3 Nbd7 5. Bf4 Bb4 6. cxd5 exd5 7. e3 O-O 8.
Bd3 c6 9. O-O Re8 10. h3 Ne4 11. Qc2 Ndf6 12. Ne5 Nxc3 13. bxc3 Bd6 14. Rab1 h6
15. c4 a5 16. Bh2 dxc4 17. Bxc4 Nd5 18. e4 Bxe5 19. dxe5 Nb4 20. Qc3 b5 21. Bb3
Qb6 22. Rbc1 Be6 23. a3 Bxb3 24. Qxb3 Na6 25. Rfd1 Rac8 26. Rd6 Nc5 27. Qe3 Na4
28. Qf3 b4 29. Rd7 Rf8 30. e6 fxe6 31. Qg3 g5 32. h4 Nc3 33. Re1 Qc5 34. h5 Nxe4
35. Qe3 Qxe3 36. Rxe3 Nf6 37. Rb7 Rce8 38. Be5 Rc8 39. axb4 axb4 40. Bd6 c5 41.
Bxf8 Kxf8 42. Rxe6 Nd5 43. Rxh6 Kg8 44. Rg6+ Kf8 45. h6 Ne7 46. Rf6+ Ke8 47. Re6
b3 48. Rexe7+ 1-0